000 04548cad a2200445 a 4500
001 8863499
003 ARRUPE
005 20140109020005.0
006 m m
007 cr mnummmmuuuu
008 050603s2005 inu sb 001 0 eng d
010 _a2005277451
020 _a0852558716
035 _a(NyNyACL)HEB04122
035 _a(NNC)8863499
040 _aMiU
_cMiU
043 _af------
090 _aHQ1075.5.A35
_b(INTERNET)
245 0 0 _aReadings in gender in Africa
_h[electronic resource] /
_cedited by Andrea Cornwall.
260 _aBloomington :
_bIndiana University Press ;
_aOxford :
_bJames Currey,
_c2005.
300 _avii, 247 p. ;
_c24 cm.
500 _aPublished in association with the International African Institute.
504 _aIncludes bibliographical references and index.
505 0 0 _tWestern perceptions of African women in the 19th & early 20th centuries /
_rJosephine Beoku-Betts --
_tStatus of women in indigenous African societies /
_rNiara Sudarkasa --
_tMapping African feminisms /
_rObioma Nnaemeka --
_tDown to fundamentals : women-centered hearth-holds in rural west Africa /
_rFelicia A. Ekejiuba --
_tMale lesbians & other queer notions in Hausa /
_rRudolf P. Gaudio --
_tNoise over camouflaged polygamy, colonial morality taxation, & a woman-naming crisis in Belgian Africa /
_rNancy Rose Hunt --
_tFork up and smile : marketing, colonial knowledge, & the female subject in Zimbabwe /
_rTimothy Burke --
_tWorries of the heart : widowed mothers, daughters, & masculinities in Maragoli, western Kenya, 1940-60 /
_rKenda Mutongi --
_tSchool fees & the marriage process for Mende girls in Sierra Leone /
_rCaroline Bledsoe --
_t"No romance without finance" : commodities, masculinities, & relationships amongst Kampalan students /
_rDavid Mills & Richard Ssewakiryanga --
_t"Dangerous" love : reflections on violence among Xhosa township youth /
_rKatherine Wood & Rachel Jewkes --
_tFemale farming in anthropology & African history /
_rJane I. Guyer --
_t"Gone to their second husbands" : marital metaphors & conjugal contracts in the Gambia's female garden sector /
_rRichard A. Schroeder --
_tWhich family? : problems in the reconstruction of the history of the family as an economic & cultural unit /
_rMegan Vaughan.
505 0 0 _tWomen "entrepreneurs" of early Nairobi /
_rJanet M. Bujra --
_tBaganda women's night market activities /
_rNakanyike B. Musisi --
_tShunting between masculine ideals : Nigerian railwaymen in the colonial era /
_rLisa A. Lindsay --
_tRebels or status seekers? : women as spirit mediums in east Africa /
_rIris Berger --
_tReflections on slavery, seclusion, & female labor in the Maradi region of Niger in the 19th & 20th centuries /
_rBarbara Cooper --
_tGender, culture, & capitalism : women & the remaking of Islamic tradition in a Sudanese village /
_rVictorial Bernal --
_tDevout domesticity? : a century of African women's Christianity in South Africa /
_rDeborah Gaitskell --
_t"Called to work for the kingdom of God" : the challenge of Presybyterian masculinities in colonial Ghana /
_rStephan F. Miescher --
_tIyalode in the traditional Yoruba political system /
_rBolanle Awe --
_tRounding up spinsters : gender chaos & unmarried women in colonial Asante /
_rJean Allmann --
_tTanganyikan nationalism as "women's work" : life histories, collective biography, & changing historiography /
_rSusan Geiger --
_tGender & decolonization : a study of three women in west African public life /
_rLaray Denzer --
_tNo shortcuts to power : constraints on women's political effectiveness in Uganda /
_rAnne Marie Goetz --
_tWomen in movement : transformations in African political landscapes /
_rAili Mari Tripp.
533 _aElectronic text and image data.
_bAnn Arbor, Mich. :
_cUniversity of Michigan, Scholarly Publishing Office,
_d2008.
_eIncludes both TIFF files and keyword searchable text.
_f([ACLS Humanities E-Book])
_nMode of access: Intranet.
650 0 _aSex role
_zAfrica.
_93657
650 0 _aWomen
_zAfrica
_xSocial conditions.
_93658
650 0 _aMasculinity
_zAfrica.
_93659
650 0 _aSex (Psychology)
_93660
655 0 _aElectronic books.
_93661
700 1 _aCornwall, Andrea,
_d1963-
_93662
710 2 _aInternational African Institute.
_93663
710 2 _aAmerican Council of Learned Societies.
_93664
773 0 _tACLS Humanities E-Book.
_nURL: http://www.humanitiesebook.org/
830 0 _aACLS Humanities E-Book.
_93665
856 4 0 _uhttp://www.columbia.edu/cgi-bin/cul/resolve?clio8863499
_zClick here for full text.
942 _2lcc
_cMONOGRAPH
_01
999 _c118632
_d118632